000 00264nam a22001217a 4500
020 _a9789380540610
082 _a070.4
100 _aR.Choudhary
245 _aElements of journalism
260 _aNew Delhi
_bCentrum press
_c2010.
300 _a301p
942 _cBK
999 _c2764
_d2764